| 000 | 00980nam a2200229 a 4500 | ||
|---|---|---|---|
| 008 | 130418s2006 ||||||||||||||||| || u | ||
| 020 | _a9780850928327 | ||
| 050 | _aCOMM(08) | ||
| 100 | _aDugal, Manleen | ||
| 245 | 1 | 3 |
_aAn evaluation of the terms of accession to the world trade organization: a comparative assessment of services and goods sector commitments by WTO members and acceding countries _cby Roman Grynberg, Manleen Dugal and Mohammad A. Razzaque |
| 260 |
_aLondon: _bCommonwealth Secretariat _c2006 |
||
| 300 | _ax, 77p.: ill. | ||
| 362 | 1 | _a<p>No. 73, 2006</p> | |
| 490 | _aEconomic paper | ||
| 490 | _vNo. 73 | ||
| 500 | _aBibliography | ||
| 650 | _aWORLD TRADE ORGANIZATION--HIGHER EDUCATION | ||
| 700 | _aRazzaque, Mohammad A. | ||
| 700 | _aGrynberg, Roman | ||
| 710 | _aThe Commonwealth Organization | ||
| 995 |
_FCBU-MAIN LIBRARY (Kitwe) _M1 _UAVAILABLE _WNov 6, 2013 _ZInternational Publications |
||
| 999 |
_c42740 _d42740 |
||